logo

Bir Sreshtho Munshi Abdur Rouf Library
Jhenaidah Cadet College

মার্কিন যুক্তরাষ্ট্র : সমাজ ও সংস্কৃতি (সংখ্যা: ৬) / (Record no. 7861)

MARC details
000 -LEADER
fixed length control field 00663nam a2200205 a 4500
001 - CONTROL NUMBER
JCCL Control Number 7861
003 - CONTROL NUMBER IDENTIFIER
JCCL marc code BD-JhCC
005 - DATE AND TIME OF LATEST TRANSACTION
control field 20180219110504.0
008 - FIXED-LENGTH DATA ELEMENTS--GENERAL INFORMATION
fixed length control field 171017s1997 bg |||| ||a| 00| 0 ben d
035 ## - SYSTEM CONTROL NUMBER
system control number (BD-JhCC)
040 ## - CATALOGING SOURCE
Original cataloging agency BD-JhCC
Modifying agency BD-JhCC
041 ## - LANGUAGE CODE
Language code of Book ben
082 ## - DEWEY DECIMAL CLASSIFICATION NUMBER
Classification number 973
Author mark and Year MAR 1997
245 ## - TITLE STATEMENT
Title মার্কিন যুক্তরাষ্ট্র : সমাজ ও সংস্কৃতি (সংখ্যা: ৬) /
Statement of responsibility, etc হাসিনা মতীন
260 ## - PUBLICATION, DISTRIBUTION, ETC. (IMPRINT)
Place of publication, distribution, etc ঢাকা :
Name of publisher, distributor, etc USIS,
Date of publication, distribution, etc 1997
300 ## - PHYSICAL DESCRIPTION
Pagination 66 p. :
Dimensions 22 cm.
650 ## - SUBJECT ADDED ENTRY--TOPICAL TERM
Topical term or geographic name as entry element Society and culture
Geographic subdivision United States
700 ## - ADDED ENTRY--PERSONAL NAME
Personal name মতীন, হাসিনা
942 ## - ADDED ENTRY ELEMENTS (KOHA)
Source of classification or shelving scheme Dewey Decimal Classification
Koha item type Books
Holdings
Source of classification or shelving scheme Damaged status Not for loan Home library Current library Shelving location Date of accession Total Checkouts Full call number Barcode Date last seen Copy number Koha item type
Dewey Decimal Classification     JCC Rouf Library JCC Rouf Library General Stacks 02/14/2018   001 MAT 1997 10379 02/14/2018 C-1 Books

JCC Library | Contacts | JCC Home

Last Update on 23 September 2017
Copyright @ 2017-2020 JCC Rouf Library
Rouf Library, Jhenidah Cadet College (JCC), Bangladesh